Pojem a princípy modernej verejnej správy
Pojmový a principiálny rozbor definície: verejná správa ako inštitúcia výkonu verejnej moci. Pojem verejnej moci. Kritériá verejnej správy. Základné princípy modernej verejnej správy.
Saved in:
| Main Author: | |
|---|---|
| Other Authors: | |
| Format: | Book Chapter |
| Language: | Slovak |
| Subjects: | |
| Tags: |
No Tags, Be the first to tag this record!
|
MARC
| LEADER | 00000naa a2200000 4500 | ||
|---|---|---|---|
| 001 | r038641 | ||
| 005 | 20230929080806.1 | ||
| 041 | 0 | |a slo | |
| 044 | |a SK | ||
| 245 | 1 | 0 | |a Pojem a princípy modernej verejnej správy |c Miloš Řehůřek, R. Pala |
| 520 | |a Pojmový a principiálny rozbor definície: verejná správa ako inštitúcia výkonu verejnej moci. Pojem verejnej moci. Kritériá verejnej správy. Základné princípy modernej verejnej správy. | ||
| 610 | 2 | 0 | |a správa verejná |
| 610 | 2 | 0 | |a moc štátna |
| 610 | 2 | 0 | |a pojmy |
| 610 | 2 | 0 | |a právo |
| 610 | 2 | 0 | |a Slovensko |
| 100 | 1 | |a Řehůřek, Miloš | |
| 700 | 1 | |a Pala, R. | |